[Event "Lichtenberger Sommer 2017"]
[Site "Berlin"]
[Date "2017.08.19"]
[Round "1.54"]
[White "Albrecht, Rainer"]
[Black "Kujawa, Werner"]
[Result "1-0"]
[WhiteElo "2047"]
[BlackElo "1756"]
[PlyCount "89"]
[EventDate "2017.??.??"]
[WhiteTeam "SC Kreuzberg"]
[BlackTeam "SV Motor Wildau"]

1. d4 Nf6 2. c4 c5 3. d5 b5 4. cxb5 a6 5. bxa6 Bxa6 6. Nc3 d6 7. e4 Bxf1 8.
Kxf1 Nbd7 9. Nge2 g6 10. h3 Bg7 11. Kg1 O-O 12. Kh2 Qc7 13. Qc2 Rfb8 14. Rd1
Ne8 15. Rb1 Qd8 16. b3 Nc7 17. Kg1 Nb5 18. Nxb5 Rxb5 19. Bd2 Rb7 20. Bc3 Bxc3
21. Nxc3 Qa5 22. a4 Qb4 23. Rdc1 Qd4 24. Nb5 Qe5 25. Rf1 g5 26. Rbe1 Nf6 27.
Na3 g4 28. Nc4 Qh5 29. Re3 Kh8 30. f4 Rg8 31. Kh1 Qh4 32. Qf2 Qxf2 33. Rxf2
Rgb8 34. Rb2 gxh3 35. gxh3 Rb4 36. Ra2 Rxb3 37. Rxb3 Rxb3 38. a5 Nxe4 39. a6
Rxh3+ 40. Kg2 Rg3+ 41. Kh2 Rg8 42. a7 Ra8 43. Nb6 Nc3 44. Nxa8 Nxa2 45. Nb6 1-0

[Event "Lichtenberger Sommer 2017"]
[Site "Berlin"]
[Date "2017.08.19"]
[Round "1.55"]
[White "Bollenbach, Horst"]
[Black "Poseck, Steffen"]
[Result "0-1"]
[WhiteElo "1723"]
[BlackElo "2026"]
[PlyCount "68"]
[EventDate "2017.??.??"]
[WhiteTeam "SC Friesen Lichtenberg"]
[BlackTeam "BSV 63 Chemie Weißensee"]

1. c4 Nf6 2. Nc3 d5 3. cxd5 Nxd5 4. g3 g6 5. Bg2 Nb6 6. d4 Bg7 7. e3 O-O 8.
Nge2 Nc6 9. O-O Bd7 10. Nf4 Rb8 11. Nd3 Qc8 12. Nc5 Bh3 13. Qf3 e5 14. d5 Na5
15. b4 Bg4 16. Qe4 Nac4 17. Qd3 e4 18. Bxe4 Ne5 19. Qc2 Nf3+ 20. Kh1 Qd8 21.
Bb2 Qg5 22. h4 Qh5 23. Nd3 g5 24. Ne1 gxh4 25. Nxf3 Bxf3+ 26. Bxf3 Qxf3+ 27.
Kh2 Nc4 28. Rae1 f5 29. Nd1 h3 30. Kxh3 Nxb2 31. Nxb2 Rf6 32. Qc4 Rh6+ 33. Qh4
Rxh4+ 34. Kxh4 Qg4# 0-1

[Event "Lichtenberger Sommer 2017"]
[Site "Berlin"]
[Date "2017.08.19"]
[Round "1.56"]
[White "Meyer-Dunker, Paul"]
[Black "Mueller, Jörg René"]
[Result "1-0"]
[WhiteElo "1965"]
[BlackElo "1553"]
[PlyCount "100"]
[EventDate "2017.??.??"]
[WhiteTeam "SC Friesen Lichtenberg"]
[BlackTeam "SC Zugzwang 95 (Berlin)"]

1. e4 c5 2. Nf3 Nc6 3. Bb5 Qc7 4. c3 a6 5. Ba4 b5 6. Bc2 Nf6 7. O-O e6 8. d4
Be7 9. d5 Na7 10. Re1 e5 11. Nbd2 d6 12. Nf1 Bd7 13. a4 O-O 14. Ng3 g6 15. h3
Kg7 16. Nh2 Ng8 17. f4 Bh4 18. Qf3 f6 19. Rf1 Bxg3 20. Qxg3 Rf7 21. f5 g5 22.
h4 h6 23. Ng4 Kf8 24. hxg5 hxg5 25. Kf2 Rh7 26. Bd2 Be8 27. Rh1 Nc8 28. Rh3 Qg7
29. axb5 Bxb5 30. Rah1 Rxh3 31. gxh3 Ra7 32. h4 Qh8 33. Rh2 Rh7 34. hxg5 Rxh2+
35. Qxh2 Qxh2+ 36. Nxh2 fxg5 37. Bxg5 Kf7 38. Bd1 Nf6 39. Ke3 a5 40. Ng4 Nxg4+
41. Bxg4 Nb6 42. Bh5+ Kf8 43. f6 Be8 44. Bh6+ Kg8 45. Bxe8 Nc4+ 46. Kf3 Nxb2
47. Kg4 a4 48. Kg5 a3 49. Kg6 a2 50. f7+ Kh8 1-0

[Event "Lichtenberger Sommer 2017"]
[Site "Berlin"]
[Date "2017.08.19"]
[Round "1.57"]
[White "Bastian, Reinhard"]
[Black "Teichert, Felix"]
[Result "0-1"]
[WhiteElo "1675"]
[BlackElo "1973"]
[PlyCount "90"]
[EventDate "2017.??.??"]
[WhiteTeam "vereinslos"]
[BlackTeam "Leegebrucher SF"]

1. e4 c5 2. Nc3 d6 3. f4 g6 4. Nf3 Bg7 5. Bb5+ Nc6 6. Bxc6+ bxc6 7. O-O e6 8.
d3 Ne7 9. Qe2 Rb8 10. e5 d5 11. g4 h5 12. g5 Nf5 13. b3 Ba6 14. Na4 Bf8 15. Ba3
Qa5 16. Qe1 Qxe1 17. Rfxe1 Rb5 18. c4 Ra5 19. Rac1 Kd8 20. Rc2 Be7 21. Bc1 dxc4
22. dxc4 Bc8 23. Bd2 Ra6 24. Bc3 Kc7 25. Rd2 Rxa4 26. bxa4 Ba6 27. Ba5+ Kc8 28.
Rc1 Ne3 29. Kf2 Nxc4 30. Rxc4 Bxc4 31. Rc2 Bd3 32. Rc3 c4 33. Nd2 Bc5+ 34. Kg3
Bd4 35. Nxc4 Bxc3 36. Nd6+ Kd7 37. Bxc3 Rb8 38. Nxf7 Bb1 39. Bd4 a6 40. a5 Rb5
41. Bb6 Bxa2 42. Nh8 Rb3+ 43. Kh4 Bb1 44. Bf2 Bf5 45. Bg3 Ke8 0-1

[Event "Lichtenberger Sommer 2017"]
[Site "Berlin"]
[Date "2017.08.19"]
[Round "1.58"]
[White "Seitz, Patrick"]
[Black "Völler, Lothar"]
[Result "1-0"]
[WhiteElo "1956"]
[BlackElo "1714"]
[PlyCount "59"]
[EventDate "2017.??.??"]
[WhiteTeam "SR Heuberg-Gosheim"]
[BlackTeam "FS Dortmund"]

1. e4 c6 2. Nf3 d5 3. Nc3 dxe4 4. Nxe4 Nf6 5. Nxf6+ exf6 6. d4 Na6 7. Bxa6 Qa5+
8. Nd2 Qxa6 9. c4 Bb4 10. Qc2 O-O 11. O-O Qa5 12. c5 Qd8 13. Nb3 Be6 14. Be3
Bd5 15. f3 Re8 16. Bf2 Ba5 17. Nc1 Bc7 18. Nd3 Qb8 19. h3 Bh2+ 20. Kh1 Bg3 21.
Rae1 Qc7 22. b4 Bxf2 23. Nxf2 Rxe1 24. Rxe1 Qg3 25. Qe2 Rf8 26. Ne4 Qh4 27. a3
f5 28. Nd6 f4 29. Qe7 Qg3 30. Qxf8+ 1-0

[Event "Lichtenberger Sommer 2017"]
[Site "Berlin"]
[Date "2017.08.19"]
[Round "1.59"]
[White "Ni Mhuireagain, Eibhia"]
[Black "Tscheuschner, Georg"]
[Result "0-1"]
[WhiteElo "1521"]
[BlackElo "1992"]
[PlyCount "64"]
[EventDate "2017.??.??"]
[WhiteTeam "The Ross Chess Club"]
[BlackTeam "SV Mattnetz Berlin"]

1. e4 c5 2. Nf3 d6 3. d3 Nc6 4. g3 g6 5. Bg2 Bg7 6. Nbd2 e6 7. O-O Nge7 8. Re1
O-O 9. Nf1 e5 10. c3 f5 11. Qb3+ Kh8 12. Ng5 Qe8 13. Ne6 Na5 14. Nxg7 Kxg7 15.
Qd1 Nac6 16. exf5 Qf7 17. Ne3 Nxf5 18. Rf1 Be6 19. f4 Qe7 20. Nd5 Bxd5 21. Bxd5
exf4 22. Bxc6 bxc6 23. Bxf4 Rab8 24. Re1 Qf7 25. Qd2 Qd5 26. g4 Nh4 27. Re7+
Kg8 28. Rf1 Nf3+ 29. Rxf3 Qxf3 30. Re4 d5 31. Ra4 d4 32. Rxa7 Rxf4 0-1

[Event "Lichtenberger Sommer 2017"]
[Site "Berlin"]
[Date "2017.08.19"]
[Round "1.60"]
[White "Oelmann, Henry"]
[Black "Tedesco, Gennaro"]
[Result "1/2-1/2"]
[WhiteElo "1992"]
[BlackElo "1613"]
[PlyCount "116"]
[EventDate "2017.??.??"]
[WhiteTeam "SC Oranienburg"]
[BlackTeam "SC Kreuzberg"]

1. d4 Nf6 2. c4 g6 3. Nc3 Bg7 4. e4 d6 5. Be2 O-O 6. Bg5 h6 7. Be3 e5 8. dxe5
dxe5 9. Qxd8 Rxd8 10. Nb5 Na6 11. Rc1 Nxe4 12. Nxa7 Bf5 13. g4 Be6 14. f3 Nec5
15. Nb5 c6 16. Na3 Nd3+ 17. Bxd3 Rxd3 18. Ke2 Rad8 19. Nh3 e4 20. Nf2 exf3+ 21.
Kxf3 R3d7 22. Rc2 Nb4 23. Re2 Nd3 24. b3 Nxf2 25. Bxf2 Rd3+ 26. Be3 Bf8 27. Nc2
Bc5 28. h3 f5 29. Rhe1 Rf8 30. Kg2 Bxe3 31. Nxe3 fxg4 32. Nxg4 Bxg4 33. hxg4
Rf7 34. Re3 Rxe3 35. Rxe3 Kg7 36. Kg3 g5 37. a4 Kg6 38. c5 Rd7 39. Re6+ Kg7 40.
Re3 Kg6 41. b4 Kf6 42. b5 Rd4 43. bxc6 bxc6 44. Ra3 Rd8 45. Kf3 Ke5 46. a5 Ra8
47. a6 Kd4 48. Ra5 Ra7 49. Ra1 Kxc5 50. Rh1 Rxa6 51. Rxh6 Kd4 52. Rd6+ Ke5 53.
Rg6 Ra3+ 54. Kg2 Kf4 55. Rxc6 Kxg4 56. Rc4+ Kf5 57. Rc8 Kg4 58. Rc4+ Kf5
1/2-1/2

[Event "Lichtenberger Sommer 2017"]
[Site "Berlin"]
[Date "2017.08.19"]
[Round "1.61"]
[White "Kreuchauf, Olaf"]
[Black "Püschel, Werner"]
[Result "0-1"]
[WhiteElo "1691"]
[BlackElo "1998"]
[PlyCount "136"]
[EventDate "2017.??.??"]
[WhiteTeam "SC Eintracht Berlin"]
[BlackTeam "Lasker Steglitz-Wilmersdorf"]

1. d4 Nf6 2. c4 c5 3. Nf3 b6 4. d5 g6 5. Nc3 Bg7 6. g3 d6 7. Bg2 O-O 8. O-O a6
9. a4 Ra7 10. Qc2 e6 11. e4 e5 12. h3 Bd7 13. Be3 Rb7 14. Nd2 Nh5 15. Kh2 a5
16. Ne2 Na6 17. g4 Nb4 18. Qb1 Nf4 19. Bxf4 exf4 20. Nf3 Qf6 21. Nc3 h6 22. Re1
Rc7 23. e5 dxe5 24. Nxe5 f3 25. Nxf3 Qf4+ 26. Kh1 Qxc4 27. Re4 Qd3 28. Ne1 Qd2
29. Re2 Qf4 30. Qe4 Qxe4 31. Rxe4 f5 32. Re7 Rf7 33. Rxf7 Kxf7 34. gxf5 Bxf5
35. Rd1 Rd7 36. f4 g5 37. fxg5 hxg5 38. Nf3 g4 39. Nh4 gxh3 40. Bf3 Bc2 41.
Bh5+ Kg8 42. Rd2 Bf6 43. Bg4 Rg7 44. Be6+ Kh8 45. Nf5 Rg5 46. Nd6 Rh5 47. Nf7+
Kg7 48. d6 Bf5 49. Bxf5 Rxf5 50. d7 Kxf7 51. d8=Q Bxd8 52. Rxd8 Rf2 53. Rh8
Rxb2 54. Rxh3 Rb3 55. Rf3+ Ke8 56. Kg2 c4 57. Re3+ Kd7 58. Rg3 Na2 59. Rg7+ Kc8
60. Rg8+ Kb7 61. Rg7+ Ka6 62. Nb5 Rxb5 63. axb5+ Kxb5 64. Kf2 c3 65. Rc7 Kb4
66. Ke2 b5 67. Kd1 Kb3 68. Rc5 b4 0-1

[Event "Lichtenberger Sommer 2017"]
[Site "Berlin"]
[Date "2017.08.19"]
[Round "1.62"]
[White "Silz, Elisa"]
[Black "Fock, Sana"]
[Result "0-1"]
[WhiteElo "2023"]
[BlackElo "1584"]
[PlyCount "86"]
[EventDate "2017.??.??"]
[WhiteTeam "SV Empor Berlin"]
[BlackTeam "SC Zugzwang 95 (Berlin)"]

1. d4 d5 2. c4 e6 3. Nc3 Nf6 4. Bg5 Be7 5. e3 c6 6. Nf3 O-O 7. Rc1 Nbd7 8. Bd3
Re8 9. O-O dxc4 10. Bxc4 Qc7 11. Qb3 Nb6 12. Bd3 Nbd7 13. Bf4 Qb6 14. Qc2 Nf8
15. Ne5 Nd5 16. Nxd5 exd5 17. Bg3 Qd8 18. f4 Bd6 19. Rce1 f6 20. Nf3 Bg4 21. a3
Rc8 22. b4 a5 23. Qb3 axb4 24. axb4 Qb6 25. b5 c5 26. dxc5 Bxc5 27. Bf2 Bxf3
28. gxf3 Qe6 29. Kh1 Qf7 30. e4 Bxf2 31. Rxf2 Ng6 32. f5 Nf4 33. Bf1 Qd7 34.
Rd1 Kh8 35. b6 Qd6 36. exd5 Re5 37. Rc2 Rxc2 38. Qxc2 h6 39. Qc7 Qa3 40. Bg2
Qb2 41. Rg1 Qf2 42. h3 Qg3 43. d6 Nxg2 0-1

[Event "Lichtenberger Sommer 2017"]
[Site "Berlin"]
[Date "2017.08.19"]
[Round "1.63"]
[White "Nimptsch, Nikolas"]
[Black "Schäfer, Heiko"]
[Result "0-1"]
[WhiteElo "1379"]
[BlackElo "1993"]
[PlyCount "72"]
[EventDate "2017.??.??"]
[WhiteTeam "Leegebrucher SF"]
[BlackTeam "Potsdamer SV"]

1. b3 Nf6 2. Bb2 d5 3. e3 Bf5 4. Nf3 e6 5. c4 Nbd7 6. Nc3 c6 7. cxd5 exd5 8.
Nh4 Bg4 9. Be2 Bxe2 10. Nxe2 g6 11. Qc2 Bg7 12. f4 O-O 13. O-O Ne4 14. Nf3 Re8
15. Nc3 Qb6 16. Nxe4 dxe4 17. Ng5 Bxb2 18. Qxb2 h6 19. Nh3 f5 20. Nf2 Rad8 21.
g4 Re6 22. gxf5 gxf5 23. Kh1 Kf7 24. Rg1 Nf6 25. Rg2 Qb4 26. Nd1 Red6 27. Nc3
Rg8 28. Rag1 Rxg2 29. Rxg2 Rd8 30. a3 Qd6 31. b4 Qd3 32. Qb3+ Nd5 33. Qb2 Qf1+
34. Rg1 Qf3+ 35. Rg2 Rg8 36. d4 Qf1+ 0-1

[Event "Lichtenberger Sommer 2017"]
[Site "Berlin"]
[Date "2017.08.19"]
[Round "1.64"]
[White "Daoud, Marcel"]
[Black "Winkler, Michael"]
[Result "1-0"]
[WhiteElo "1928"]
[BlackElo "1690"]
[PlyCount "65"]
[EventDate "2017.??.??"]
[WhiteTeam "SK Freising"]
[BlackTeam "ESV Eberswalde"]

1. e4 c5 2. Nc3 Nc6 3. f4 d6 4. Nf3 e6 5. Bb5 Bd7 6. O-O Nge7 7. d3 Nd4 8.
Bxd7+ Qxd7 9. Be3 Nec6 10. Ne2 e5 11. c3 Ne6 12. d4 cxd4 13. cxd4 Nxf4 14. Nxf4
exf4 15. Bxf4 Be7 16. d5 Nd8 17. e5 O-O 18. exd6 Bxd6 19. Bxd6 Qxd6 20. Qd4 f6
21. Rfe1 Rc8 22. Rad1 Rc2 23. Re3 Qb6 24. Qxb6 axb6 25. Rb3 Re8 26. Rxb6 Ree2
27. Rd6 Rxg2+ 28. Kh1 Nf7 29. Re6 Nh6 30. d6 Ng4 31. d7 Rgd2 32. Rxd2 Rc1+ 33.
Kg2 1-0

[Event "Lichtenberger Sommer 2017"]
[Site "Berlin"]
[Date "2017.08.19"]
[Round "1.65"]
[White "Roloff, Karsten"]
[Black "Kapr, Klaus"]
[Result "0-1"]
[WhiteElo "1588"]
[BlackElo "2007"]
[PlyCount "112"]
[EventDate "2017.??.??"]
[WhiteTeam "Königsjäger Süd-West"]
[BlackTeam "SC Friesen Lichtenberg"]

1. d4 Nf6 2. Bg5 d5 3. Nd2 e6 4. Ngf3 c5 5. e3 Nbd7 6. c3 Be7 7. Bd3 b6 8. O-O
Bb7 9. Qe2 Ne4 10. Bf4 O-O 11. Ne5 f5 12. Ndf3 Nxe5 13. Bxe5 Bc6 14. a4 Qe8 15.
Bb5 a6 16. Bxa6 c4 17. Bb5 Bxb5 18. axb5 Qxb5 19. Qc2 Ra5 20. Rxa5 Qxa5 21. Rb1
Qa2 22. Ne1 b5 23. f3 Nd2 24. Rd1 Nb3 25. Qb1 Ra8 26. Nc2 Qa5 27. e4 fxe4 28.
fxe4 Bg5 29. exd5 Nd2 30. Qa1 Qd8 31. Na3 Qxd5 32. Re1 Rf8 33. Nc2 Bh4 34. Bg3
Bxg3 35. hxg3 Qf5 36. Ne3 Qf2+ 37. Kh1 Ne4 38. Nf1 Qf5 39. Kg1 Qf2+ 40. Kh1 h5
41. Qb1 Qxf1+ 42. Rxf1 Rxf1+ 43. Qxf1 Nxg3+ 44. Kg1 Nxf1 45. Kxf1 Kf7 46. Kf2
g5 47. Kf3 Ke7 48. g3 Kd7 49. Ke4 Kd6 50. Ke3 Kd5 51. Kf3 e5 52. dxe5 Kxe5 53.
Ke3 Kf5 54. Kf3 h4 55. gxh4 gxh4 56. Kg2 Ke4 0-1

[Event "Lichtenberger Sommer 2017"]
[Site "Berlin"]
[Date "2017.08.19"]
[Round "1.67"]
[White "Lange, Malina"]
[Black "Gebert-Vangeel, Ralf"]
[Result "0-1"]
[WhiteElo "1579"]
[BlackElo "2060"]
[PlyCount "52"]
[EventDate "2017.??.??"]
[WhiteTeam "TuS Makkabi Berlin"]
[BlackTeam "TSV Mariendorf"]

1. e4 e5 2. Nf3 Nc6 3. Bc4 Nf6 4. Ng5 d5 5. exd5 Na5 6. Bb5+ c6 7. dxc6 bxc6 8.
Be2 h6 9. Nh3 Bc5 10. Nc3 Bxh3 11. gxh3 Qd4 12. Rf1 Qh4 13. Bg4 h5 14. Qe2 hxg4
15. Qxe5+ Be7 16. Qxa5 O-O 17. Qc7 Rfe8 18. Qxc6 Bc5+ 19. Ne2 Ne4 20. d3 Bxf2+
21. Kd1 Qxh3 22. Rh1 Qg2 23. Re1 Bxe1 24. c3 Nf2+ 25. Kxe1 Nxd3+ 26. Kd2 Qxe2#
0-1

[Event "Lichtenberger Sommer 2017"]
[Site "Berlin"]
[Date "2017.08.19"]
[Round "1.68"]
[White "Jaeger, Andre"]
[Black "Gräbnitz, Marc-Florian"]
[Result "1-0"]
[WhiteElo "1994"]
[BlackElo "1465"]
[PlyCount "42"]
[EventDate "2017.??.??"]
[WhiteTeam "SC Rochade (Berlin)"]
[BlackTeam "SC Eintracht Berlin"]

1. d4 d5 2. c4 c6 3. cxd5 cxd5 4. Nc3 Nf6 5. Bf4 Bf5 6. Qb3 Nc6 7. Qxb7 Nxd4 8.
O-O-O Ne6 9. Rxd5 Qc8 10. Qb5+ Nd7 11. Bg3 g6 12. e4 Bg4 13. f3 Bh5 14. Bc4 g5
15. Nge2 Nc7 16. Bxc7 Qxc7 17. Rhd1 Rd8 18. Rxd7 Rxd7 19. Rxd7 a6 20. Rxc7+
axb5 21. Bxb5+ Kd8 1-0

[Event "Lichtenberger Sommer 2017"]
[Site "Berlin"]
[Date "2017.08.19"]
[Round "1.69"]
[White "Möller, Dirk"]
[Black "Deutschbein, Christopher"]
[Result "0-1"]
[WhiteElo "1555"]
[BlackElo "2019"]
[PlyCount "56"]
[EventDate "2017.??.??"]
[WhiteTeam "SC Kreuzberg"]
[BlackTeam "Eckernförder SC"]

1. e4 e5 2. Nf3 Nc6 3. Bb5 Nf6 4. Nc3 Bc5 5. O-O O-O 6. d3 d6 7. Be3 Nd4 8.
Bxd4 exd4 9. Nb1 a5 10. c3 Bg4 11. Nbd2 c6 12. Ba4 Nd7 13. Qe1 Qf6 14. c4 Bb4
15. Qd1 Bxd2 16. Qxd2 Bxf3 17. gxf3 Ne5 18. Bd1 Nxf3+ 19. Bxf3 Qxf3 20. Qd1
Qxd1 21. Raxd1 f5 22. f4 Rae8 23. Rde1 fxe4 24. dxe4 Rf7 25. e5 dxe5 26. Rxe5
Rxe5 27. fxe5 Rxf1+ 28. Kxf1 Kf7 0-1

[Event "Lichtenberger Sommer 2017"]
[Site "Berlin"]
[Date "2017.08.19"]
[Round "1.70"]
[White "Buttkus, Andre"]
[Black "Tschirschwitz, Stephan"]
[Result "1-0"]
[WhiteElo "2031"]
[BlackElo "1584"]
[PlyCount "59"]
[EventDate "2017.??.??"]
[WhiteTeam "SK Tempelhof 1931"]
[BlackTeam "Lasker Steglitz-Wilmersdorf"]

1. e4 c5 2. Nf3 Nc6 3. Nc3 e6 4. d4 cxd4 5. Nxd4 a6 6. Nxc6 bxc6 7. Bd3 Qc7 8.
O-O Nf6 9. b3 Bb7 10. Qe2 Qe5 11. Bb2 Qh5 12. e5 Qxe2 13. Bxe2 Nd5 14. Ne4 Nf4
15. Bf3 O-O-O 16. Ng5 Re8 17. Nxf7 Rg8 18. Rfd1 Re7 19. Nd6+ Kb8 20. Rd4 Nd5
21. Bxd5 c5 22. Bxb7 cxd4 23. Bxd4 g6 24. Bxa6 Reg7 25. Bd3 Bxd6 26. exd6 Rf7
27. a4 Re8 28. Be4 e5 29. Be3 Rc8 30. a5 1-0

[Event "Lichtenberger Sommer 2017"]
[Site "Berlin"]
[Date "2017.08.19"]
[Round "1.71"]
[White "Baumgaertner, Andre"]
[Black "Di Candia, Roberto"]
[Result "0-1"]
[WhiteElo "1652"]
[BlackElo "1918"]
[PlyCount "66"]
[EventDate "2017.??.??"]
[WhiteTeam "SC Friesen Lichtenberg"]
[BlackTeam "SF 1903 Berlin"]

1. d4 g6 2. c4 Bg7 3. e3 c5 4. Nf3 Nf6 5. Nc3 O-O 6. Be2 cxd4 7. exd4 d5 8. b3
Nc6 9. O-O Bg4 10. Be3 Ne4 11. Rc1 e6 12. h3 Bxf3 13. Bxf3 f5 14. cxd5 exd5 15.
Ne2 Qd6 16. g3 Rae8 17. Bf4 Qf6 18. h4 Re6 19. Bxe4 fxe4 20. Be3 Qf5 21. Nf4
Rd6 22. Rc5 b6 23. Rc3 Rfd8 24. Qc1 Nxd4 25. Bxd4 Bxd4 26. Rc6 Bc5 27. Rxd6
Bxd6 28. Ne2 Be5 29. Rd1 Qf6 30. Qe3 Qf5 31. Kg2 Qg4 32. a4 d4 33. Nxd4 Bxd4
0-1

[Event "Lichtenberger Sommer 2017"]
[Site "Berlin"]
[Date "2017.08.19"]
[Round "1.72"]
[White "Shapiro, Yosip"]
[Black "Fiedler, Ronald"]
[Result "1-0"]
[WhiteElo "2098"]
[BlackElo "1631"]
[PlyCount "63"]
[EventDate "2017.??.??"]
[WhiteTeam "SV Berolina Mitte"]
[BlackTeam "Läufer Reinickendorf"]

1. d4 d5 2. c4 e6 3. Nc3 Nf6 4. Bg5 Be7 5. e3 Nbd7 6. Nf3 O-O 7. Rc1 c6 8. Bd3
dxc4 9. Bxc4 Nb6 10. Bb3 Nbd5 11. O-O Bd7 12. Qe2 Rc8 13. e4 Nxc3 14. bxc3 c5
15. e5 Nd5 16. Bxe7 Qxe7 17. c4 Nf4 18. Qe4 Ng6 19. d5 f5 20. Qe3 f4 21. Qe2
Nh4 22. Rc3 Nf5 23. Bc2 Nd4 24. Nxd4 cxd4 25. Qe4 g6 26. Qxd4 exd5 27. cxd5
Rxc3 28. Qxc3 Rc8 29. Qb2 Bf5 30. Bxf5 gxf5 31. e6 b6 32. Qe5 1-0

[Event "Lichtenberger Sommer 2017"]
[Site "Berlin"]
[Date "2017.08.19"]
[Round "1.73"]
[White "Papenhagen, Walter"]
[Black "Kievelitz, Bernd"]
[Result "0-1"]
[WhiteElo "1584"]
[BlackElo "1889"]
[PlyCount "42"]
[EventDate "2017.??.??"]
[WhiteTeam "SF Friedrichshagen"]
[BlackTeam "SC Zitadelle Spandau"]

1. d4 Nf6 2. Nf3 b6 3. e3 Bb7 4. Bd3 g6 5. c4 Bg7 6. Nc3 O-O 7. O-O d5 8. Re1
dxc4 9. Bxc4 Ne4 10. Nd2 Nxd2 11. Qxd2 Nd7 12. b4 c5 13. bxc5 bxc5 14. dxc5
Nxc5 15. Qxd8 Rfxd8 16. Bb2 Rd2 17. Rab1 Rxb2 18. Nd5 Bxd5 19. Bxd5 Rab8 20.
Rbd1 e6 21. Bc4 Rc2 0-1

[Event "Lichtenberger Sommer 2017"]
[Site "Berlin"]
[Date "2017.08.19"]
[Round "1.74"]
[White "Acikel, Mert"]
[Black "Polatel, Nur"]
[Result "1-0"]
[WhiteElo "1914"]
[BlackElo "1355"]
[PlyCount "99"]
[EventDate "2017.??.??"]
[WhiteTeam "SK König Tegel"]
[BlackTeam "SC Zugzwang 95 (Berlin)"]

1. e4 e5 2. Nf3 Nc6 3. Bc4 Nf6 4. d3 Be7 5. O-O O-O 6. Re1 d6 7. a4 a5 8. c3
Nb8 9. h3 Nbd7 10. d4 b6 11. Bg5 Bb7 12. Nbd2 Kh8 13. Bh4 Ng8 14. Bg3 Bf6 15.
Qc2 Ne7 16. Rad1 Ng6 17. Nf1 Nh4 18. Bxh4 Bxh4 19. dxe5 Be7 20. exd6 Bxd6 21.
Bb5 Nc5 22. Ng3 Qc8 23. e5 Be7 24. Nd4 Ne6 25. Ndf5 Bc5 26. Bd7 Qb8 27. Ne4 Rd8
28. Bxe6 Rxd1 29. Rxd1 fxe6 30. Nxc5 exf5 31. Nxb7 Qxb7 32. Qxf5 Kg8 33. e6 Rf8
34. e7 Rxf5 35. Rd8+ Kf7 36. e8=Q+ Kf6 37. Qf8+ Kg6 38. Qe8+ Kf6 39. Rd4 c6 40.
Qd8+ Kg6 41. Rd7 Qa6 42. Qe8+ Kh6 43. Qe3+ Kg6 44. Qg3+ Rg5 45. Rd6+ Kf5 46.
Qf3+ Ke5 47. Rd4 Rf5 48. Qe4+ Kf6 49. Rd6+ Kg5 50. Qg4# 1-0

[Event "Lichtenberger Sommer 2017"]
[Site "Berlin"]
[Date "2017.08.19"]
[Round "1.75"]
[White "Wilke, Hans-Peter"]
[Black "Jecht, Christian"]
[Result "0-1"]
[WhiteElo "1540"]
[BlackElo "1903"]
[PlyCount "120"]
[EventDate "2017.??.??"]
[WhiteTeam "Läufer Reinickendorf"]
[BlackTeam "SC Bavaria Regensb."]

1. d4 Nf6 2. Bf4 d5 3. Nf3 e6 4. e3 a6 5. Nbd2 c5 6. c3 Nc6 7. Bd3 Be7 8. Ne5
Bd7 9. Qf3 Rc8 10. Rc1 b5 11. a3 cxd4 12. exd4 Nxd4 13. Qh3 Nc6 14. O-O Nxe5
15. Bxe5 Bc6 16. Nf3 Bd6 17. Rfe1 Bxe5 18. Nxe5 O-O 19. g4 Bb7 20. f3 h6 21. f4
d4 22. g5 Nd5 23. gxh6 Nxf4 24. h7+ Kh8 25. Qg3 Nxd3 26. Nxd3 dxc3 27. bxc3
Rxc3 28. Rxc3 Qd4+ 29. Nf2 Bd5 30. Qd6 Ra8 31. Qe5 Qd2 32. Rg3 f6 33. Qe3 Qb2
34. Qc3 Qxc3 35. Rxc3 Kxh7 36. Rc7 f5 37. Nd3 Bc4 38. Nc5 Re8 39. Ra7 e5 40.
Re3 f4 41. Rh3+ Kg6 42. Rxa6+ Kf5 43. Ra7 g6 44. Rhh7 e4 45. Kf2 e3+ 46. Ke1 f3
47. Rhf7+ Kg4 48. Rxf3 Kxf3 49. Rg7 Re5 50. Nd7 Rg5 51. Rxg6 Rxg6 52. Ne5+ Kg2
53. Nxg6 Kxh2 54. Nf4 Kg3 55. Ne2+ Bxe2 56. Kxe2 Kf4 57. Ke1 Kf3 58. Kf1 e2+
59. Ke1 Ke3 60. a4 b4 0-1

[Event "Lichtenberger Sommer 2017"]
[Site "Berlin"]
[Date "2017.08.19"]
[Round "1.76"]
[White "Badestein, Hartmut"]
[Black "Murat, Abylay"]
[Result "1-0"]
[WhiteElo "2046"]
[BlackElo "1400"]
[PlyCount "79"]
[EventDate "2017.??.??"]
[WhiteTeam "SC Friesen Lichtenberg"]
[BlackTeam "vereinslos"]

1. e4 c5 2. Nf3 d6 3. d4 cxd4 4. Nxd4 Nf6 5. Nc3 a6 6. Be2 b5 7. O-O b4 8. Nd5
Nxe4 9. Bf3 Nc5 10. Nxb4 Bb7 11. Re1 e6 12. Bxb7 Nxb7 13. Qg4 Nc5 14. Nd5 e5
15. b4 Ncd7 16. c4 Nf6 17. Nxf6+ Qxf6 18. Bg5 h5 19. Qe4 Qxg5 20. Qxa8 Qd8 21.
Nc6 Nxc6 22. Qxc6+ Qd7 23. Qxd7+ Kxd7 24. Rad1 f6 25. Rd5 Kc6 26. a4 Be7 27.
b5+ Kb6 28. a5+ Kxa5 29. bxa6+ Kb4 30. Rb5+ Kxc4 31. Rb7 Re8 32. a7 Ra8 33.
Rxe7 g5 34. Rb1 d5 35. Rb8 Rxa7 36. Rxa7 Kd3 37. Kf1 d4 38. Ra3+ Kc2 39. Ke2 e4
40. Rc8+ 1-0

[Event "Lichtenberger Sommer 2017"]
[Site "Berlin"]
[Date "2017.08.19"]
[Round "1.77"]
[White "Timm, Christian"]
[Black "Lange, Cecilia"]
[Result "0-1"]
[WhiteElo "1605"]
[BlackElo "1886"]
[PlyCount "103"]
[EventDate "2017.??.??"]
[WhiteTeam "SV Herzberg"]
[BlackTeam "TSG Oberschöneweide"]

1. Nf3 Nf6 2. d4 d5 3. g3 c6 4. Bg2 Bg4 5. O-O Nbd7 6. Nbd2 Qc7 7. a4 a5 8. c4
e5 9. cxd5 Nxd5 10. e4 Nb4 11. h3 Bxf3 12. Nxf3 Be7 13. Bg5 Bxg5 14. Nxg5 O-O
15. d5 h6 16. d6 Qd8 17. Nf3 Qf6 18. Nh4 Nc5 19. Ra3 g6 20. Qc1 Qxd6 21. Qxh6
Rad8 22. f4 Nxe4 23. fxe5 Qxe5 24. Nxg6 Qd4+ 25. Kh2 fxg6 26. Qxg6+ Qg7 27.
Rxf8+ Rxf8 28. Qxg7+ Kxg7 29. Bxe4 Rf2+ 30. Kg1 Rxb2 31. g4 Na6 32. h4 Nc5 33.
Bf5 Nb3 34. g5 Nd4 35. Bg4 Kg6 36. Rd3 Rb4 37. Bd1 Nf5 38. Bc2 Nxh4 39. Rg3+
Kg7 40. Kh2 Rc4 41. Bb3 Rb4 42. Kh3 Nf5 43. Rd3 Kg6 44. Bc2 Kxg5 45. Rf3 Nd4
46. Rg3+ Kf4 47. Rg4+ Ke3 48. Rg3+ Kd2 49. Bg6 Rb3 50. Bf7 Rxg3+ 51. Kxg3 b5
52. axb5 0-1

[Event "Lichtenberger Sommer 2017"]
[Site "Berlin"]
[Date "2017.08.19"]
[Round "1.78"]
[White "Fuchs, Dominik"]
[Black "Hömke, Holger"]
[Result "1-0"]
[WhiteElo "1865"]
[BlackElo "1540"]
[PlyCount "61"]
[EventDate "2017.??.??"]
[WhiteTeam "SC Zitadelle Spandau"]
[BlackTeam "SK Zehlendorf"]

1. e4 e6 2. d4 d5 3. e5 c5 4. c3 Nc6 5. Nf3 Bd7 6. Bd3 cxd4 7. cxd4 Nge7 8. O-O
Nb4 9. Be2 Ng6 10. Nc3 Be7 11. a3 Nc6 12. b4 Rc8 13. Na4 O-O 14. Be3 f6 15.
exf6 Bxf6 16. Rc1 b6 17. Qb3 Qe8 18. Nc3 Nb8 19. a4 a6 20. b5 a5 21. Rfe1 Qe7
22. Bd3 Be8 23. Re2 Bf7 24. Rce1 Qd6 25. Ng5 Bxg5 26. Bxg5 Nf4 27. Re3 Nxd3 28.
Rxd3 Bg6 29. Rde3 Bf7 30. f4 Rc4 31. f5 1-0